000 00465nam a22001697a 4500
020 _a9789393969194
082 _aM 302.23
_bJOS/N
245 _aNavamadyamangal:
_bbasha, sahithyam, samskaram/
_cby Jose K. Manual (ed.)
250 _a4th ed.
260 _aKozhikode:
_bPavanatma Publishers,
_c2023.
300 _a373p.
650 _aMedia Studies
650 _aMedia Communications
650 _aSocial Sciences
700 _aJose K. Manual (ed.)
942 _cBK
999 _c181872
_d181872